INTELLIGENT INVESTOR (Record no. 23531)
[ view plain ]
| 000 -LEADER | |
|---|---|
| fixed length control field | 00320nam a2200133Ia 4500 |
| 008 - FIXED-LENGTH DATA ELEMENTS--GENERAL INFORMATION | |
| fixed length control field | 240624s9999 xx 000 0 und d |
| 041 ## - LANGUAGE CODE | |
| Language code of text/sound track or separate title | eng |
| 082 ## - DEWEY DECIMAL CLASSIFICATION NUMBER | |
| Classification number | 332.678 GRA |
| 100 ## - MAIN ENTRY--PERSONAL NAME | |
| Personal name | GRAHAM BENJAMIN |
| 245 ## - TITLE STATEMENT | |
| Title | INTELLIGENT INVESTOR |
| 260 ## - PUBLICATION, DISTRIBUTION, ETC. | |
| Date of publication, distribution, etc. | 2013 |
| Place of publication, distribution, etc. | New Delhi |
| Name of publisher, distributor, etc. | HarperCollins |
| 300 ## - PHYSICAL DESCRIPTION | |
| Extent | 640 , p. |
| 365 ## - TRADE PRICE | |
| Currency code | RS |
| Price amount | 25 |
| Withdrawn status | Lost status | Damaged status | Not for loan | Home library | Current library | Shelving location | Date acquired | Source of acquisition | Cost, normal purchase price | Full call number | Barcode | Date last seen | Copy number | Price effective from | Koha item type |
|---|---|---|---|---|---|---|---|---|---|---|---|---|---|---|---|
| IMTN | IMTN | Rack 12-B | 10/13/2014 | IBH | 1065.00 | 332.678 GRA | 23531 | 06/24/2024 | 1 | 06/24/2024 | Books |